书目信息 |
| 题名: |
绿色清洗与防锈技术
|
|
| 作者: | 李金桂 , 袁训华 编著 ;《材料延寿与可持续发展》丛书总编委会 组织编写 | |
| 分册: | ||
| 出版信息: | 北京 化学工业出版社 2017 |
|
| 页数: | 235页 | |
| 开本: | 24cm | |
| 丛书名: | 材料延寿与可持续发展 | |
| 单 册: | ||
| 中图分类: | TG174.42 , TQ047.9 | |
| 科图分类: | ||
| 主题词: | 除锈剂--chu xiu ji--无污染技术 , 防锈剂--fang xiu ji--无污染技术 | |
| 电子资源: | ||
| ISBN: | 978-7-122-30864-1 | |
| 000 | 01392nam 2200349 450 | |
| 001 | 012001000404 | |
| 005 | 20140106084258.0 | |
| 010 | @a978-7-122-30864-1@dCNY69.00 | |
| 099 | @aCAL 012018030632 | |
| 100 | @a20180131d2017 em y0chiy50 ea | |
| 101 | 0 | @achi |
| 102 | @aCN@b110000 | |
| 105 | @aak a 000yy | |
| 106 | @ar | |
| 200 | 1 | @a绿色清洗与防锈技术@Alv se qing xi yu fang xiu ji shu@f《材料延寿与可持续发展》丛书总编委会组织编写@g李金桂, 袁训华编著 |
| 210 | @a北京@c化学工业出版社@d2017 | |
| 215 | @a235页@c图@d24cm | |
| 225 | 2 | @a材料延寿与可持续发展@Acai liao yan shou yu ke chi xu fa zhan |
| 300 | @a中国腐蚀与防护学会著作出版基金 | |
| 320 | @a有书目 | |
| 330 | @a本书全面介绍了多年来在我国形成的清洗剂、除锈剂、防锈剂及其所用的缓蚀剂,内容包括作用机理、选定原则、实施要点、注意事项等。 | |
| 333 | @a本书适用于金属产品的生产、机械设备的维修、专业清洗技术人员、工人、管理人员 | |
| 410 | 0 | @12001 @a材料延寿与可持续发展 |
| 606 | 0 | @a除锈剂@Achu xiu ji@x无污染技术 |
| 606 | 0 | @a防锈剂@Afang xiu ji@x无污染技术 |
| 690 | @aTG174.42@v5 | |
| 690 | @aTQ047.9@v5 | |
| 701 | 0 | @a李金桂@Ali jin gui@4编著 |
| 701 | 0 | @a袁训华@Ayuan xun hua@4编著 |
| 712 | 02 | @a《材料延寿与可持续发展》丛书总编委会@A《 cai liao yan shou yu ke chi xu fa zhan 》 cong shu zong bian wei hui@4组织编写 |
| 801 | 0 | @aCN@b北京卓展文化@c20191020 |
| 905 | @b1200393-6@dTG174.42@e88@f4 | |
| 绿色清洗与防锈技术/《材料延寿与可持续发展》丛书总编委会组织编写/李金桂, 袁训华编著.-北京:化学工业出版社,2017 |
| 235页:图;24cm.-(材料延寿与可持续发展) |
| 中国腐蚀与防护学会著作出版基金.-使用对象:本书适用于金属产品的生产、机械设备的维修、专业清洗技术人员、工人、管理人员 |
| ISBN 978-7-122-30864-1:CNY69.00 |
| 本书全面介绍了多年来在我国形成的清洗剂、除锈剂、防锈剂及其所用的缓蚀剂,内容包括作用机理、选定原则、实施要点、注意事项等。 |
| ● |
| 相关链接 |
|
|
|
|
正题名:绿色清洗与防锈技术
索取号:TG174.42/88
 
预约/预借
| 序号 | 登录号 | 条形码 | 馆藏地/架位号 | 状态 | 备注 |
| 1 | 1200393 | 212003936 | 第二样本阅览室/ [索取号:TG174.42/88] | 在馆 | |
| 2 | 1200394 | 212003945 | 第三借阅区/ [索取号:TG174.42/88] | 在馆 | |
| 3 | 1200395 | 212003954 | 第三借阅区/ [索取号:TG174.42/88] | 在馆 | |
| 4 | 1200396 | 212003963 | 第三借阅区/ [索取号:TG174.42/88] | 在馆 |